[Event "26th Speed Chess Open"]
[Site "Aubervilliers FRA"]
[Date "2001.01.27"]
[Round "4"]
[White "Scemama,H"]
[Black "Georgiev,Ki"]
[Result "0-1"]
[WhiteElo "2107"]
[BlackElo "2676"]

1.e4 c5 2.d4 cxd4 3.c3 dxc3 4.Nxc3 Nc6 5.Nf3 d6 6.Bc4 e6 7.Qe2 Nf6 8.O-O Be7
9.Rd1 Qc7 10.Bf4 e5 11.Be3 O-O 12.h3 Be6 13.Bxe6 fxe6 14.Rac1 a6 15.Qc4 Qc8
16.Na4 d5 17.exd5 Nxd5 18.Rxd5 exd5 19.Qxd5+ Kh8 20.Nb6 Qd8 21.Qe6 Rf6 22.Qb3 Na5
23.Qc3 Rxb6 24.Qxa5 Rc6 25.Qxe5 Rxc1+ 26.Bxc1 Qd1+ 27.Qe1 Rd8 28.Kf1 Bb4
29.Bd2 Qxe1+ 30.Bxe1 Bxe1 31.Kxe1 Kg8 32.Ke2 Kf7 33.Ke3 Ke7 34.Nd4 Rc8 35.f4 Rc1
36.Kd3 g6 37.f5 g5 38.Ne6 h6 39.h4 gxh4 40.Ke4 Rc2 41.Nf4 Rxb2 42.Ke5 Rxa2
43.Ng6+ Kf7 44.Nxh4 Re2+ 45.Kf4 a5 46.g4 a4 47.g5 hxg5+ 48.Kxg5 a3  0-1

[Event "26th Speed Chess Open"]
[Site "Aubervilliers FRA"]
[Date "2001.01.27"]
[Round "5"]
[White "Georgiev,Ki"]
[Black "Veron,C"]
[Result "1-0"]
[WhiteElo "2676"]
[BlackElo "2226"]

1.c4 Nf6 2.Nc3 g6 3.g3 Bg7 4.Bg2 O-O 5.d4 d6 6.Nf3 c6 7.O-O a6 8.e4 b5 9.e5 Nfd7
10.exd6 exd6 11.Bg5 Bf6 12.Bf4 Nb6 13.Ne4 Be7 14.c5 dxc5 15.dxc5 Nd5 16.Bh6 Re8
17.Re1 Be6 18.Nd4 Bf8 19.Bxf8 Rxf8 20.Qd2 Kg7 21.Nxe6+ fxe6 22.Ng5 Qf6 23.Nxe6+ Kh8
24.Bxd5 cxd5 25.Nxf8 Qxf8 26.Qd4+  1-0

[Event "26th Speed Chess Open"]
[Site "Aubervilliers FRA"]
[Date "2001.01.28"]
[Round "10"]
[White "Agrest,E"]
[Black "Georgiev,Ki"]
[Result "1-0"]
[WhiteElo "2531"]
[BlackElo "2676"]

1.c4 Nf6 2.Nc3 e5 3.Nf3 Nc6 4.e3 Bb4 5.Qc2 O-O 6.Nd5 e4 7.Nxf6+ Qxf6 8.Qxe4 d6
9.Bd3 g6 10.Qh4 Qxh4 11.Nxh4 a5 12.a3 Bc5 13.b3 Re8 14.O-O Bd7 15.Nf3 Ne5
16.Be2 Bb6 17.d4 Ng4 18.Bb2 f5 19.Rac1 c6 20.c5 Bc7 21.cxd6 Bxd6 22.Bc4+ Kf8
23.Rfd1 Rad8 24.h3 Nf6 25.Ne5 Be6 26.Bxe6 Rxe6 27.Nc4 Bc7 28.Bc3 Ra8 29.g3 Nd5
30.Bd2 Kf7 31.Kg2 h5 32.a4 g5 33.Re1 Kg6 34.Nb2 Bd6 35.Nd3 Re7 36.Kf1 Nf6
37.Re2 Nd5 38.Rce1 Nf6 39.Rd1 Rh7 40.h4 Ne4 41.Be1 gxh4 42.gxh4 Kf6 43.f3 Ng3+
44.Bxg3 Bxg3 45.Kg2 Bxh4 46.Kh3 Bg5 47.Rg1 Bh6 48.Ne5 Ke7 49.Rg6 Rd8 50.f4 Bg7
51.Nc4 Ra8 52.Nd6 Bf6 53.Nxf5+ Kf7 54.Reg2 Rd8 55.Nh6+ Rxh6 56.Rxh6 Re8 57.Rh7+ Kf8
58.Re2 Bxd4 59.Rxb7 Bxe3 60.Rh7 Kg8 61.Rxh5 Kf7 62.Kg4 Rg8+ 63.Rg5 Re8 64.Kf3 Bxf4
65.Rf5+  1-0

[Event "TCh-YUG"]
[Site "Herceg Novi YUG"]
[Date "2001.09.05"]
[Round "3"]
[White "Georgiev,Ki"]
[Black "Nevednichy,V"]
[Result "1-0"]
[WhiteElo "2695"]
[BlackElo "2588"]

1.d4 Nf6 2.Nf3 g6 3.g3 Bg7 4.Bg2 O-O 5.O-O d6 6.Re1 Nbd7 7.e4 e5 8.h3 a6
9.dxe5 dxe5 10.Qe2 Re8 11.b3 b5 12.Bb2 Bb7 13.Nbd2 h6 14.a4 c6 15.b4 Bf8
16.Bc3 Qc7 17.Nb3 Nb6 18.Nc5 Bxc5 19.bxc5 Nxa4 20.Rxa4 bxa4 21.Qe3 Kh7 22.Ra1 Rad8
23.Nxe5 Rxe5 24.Qf4 Nh5 25.Qxe5 Qxe5 26.Bxe5 Rd2 27.c3 Bc8 28.Rxa4 Rd1+ 29.Kh2 Rd2
30.Rd4 Rxd4 31.cxd4 a5 32.d5 a4 33.Bb2 Bb7 34.dxc6 Bxc6 35.e5 Bxg2 36.Kxg2 Ng7
37.c6 Ne6 38.Ba3 g5 39.Bd6 Kg6 40.g4 Nf4+ 41.Kh2 Nd5 42.c7 Nb6 43.Bc5 Nc8
44.Kg3  1-0

[Event "TCh-YUG"]
[Site "Herceg Novi YUG"]
[Date "2001.09.07"]
[Round "5"]
[White "Georgiev,Ki"]
[Black "Antic,D"]
[Result "1-0"]
[WhiteElo "2695"]
[BlackElo "2474"]

1.d4 Nf6 2.Nf3 g6 3.g3 Bg7 4.Bg2 O-O 5.O-O d6 6.c4 Nc6 7.Nc3 a6 8.b3 Rb8
9.Nd5 Nh5 10.Bb2 e6 11.Nc3 b5 12.d5 Na5 13.dxe6 fxe6 14.c5 dxc5 15.Qc2 Nc6
16.Rad1 Nd4 17.Nxd4 cxd4 18.e3 e5 19.exd4 exd4 20.Nd5 Bg4 21.Rd2 d3 22.Qxd3 Bxb2
23.Rxb2 c6 24.Qe4 Nf6 25.Nxf6+ Qxf6 26.Rd2 Bf3 27.Bxf3 Qxf3 28.Qe6+ Kh8 29.Qe5+ Qf6
30.Qc5 Rbd8 31.Rc2 Rd6 32.Qb6 Qe6 33.Qxa6 Qe4 34.Rcc1 h5 35.Qa7 h4 36.Rce1 Qd3
37.Re7 g5 38.Qc5 hxg3 39.Qe5+ Rdf6 40.hxg3 Qf5 41.Qe3 Rh6 42.Rd1 Rhf6 43.Rd2 R8f7
44.Rxf7 Rxf7 45.Qe8+ Kg7 46.Qxc6  1-0

[Event "ECC"]
[Site "Panormo GRE"]
[Date "2001.09.28"]
[Round "6"]
[White "Georgiev,Ki"]
[Black "Timoshenko,G"]
[Result "1/2-1/2"]
[WhiteElo "2695"]
[BlackElo "2554"]

1.d4 Nf6 2.c4 e6 3.g3 d5 4.Bg2 dxc4 5.Nf3 Nc6 6.Qa4 Bb4+ 7.Bd2 Nd5 8.Bxb4 Nxb4
9.a3 b5 10.Qxb5 Nc2+ 11.Kd2 Nxa1 12.Qxc6+ Bd7 13.Qxc4 c5 14.Qa2 Qa5+ 15.Nc3 cxd4
16.Nxd4 Rd8 17.Rxa1 e5 18.b4 Qb6 19.Nc2 Be6+ 20.Bd5 Qxf2 21.Rd1 O-O 22.Kc1 Bxd5
23.Nxd5 Kh8 24.Qc4 Qxh2 25.g4 Qg2 26.Nde3 Rxd1+ 27.Kxd1 Qh1+ 28.Kd2 h5 29.Qc7 hxg4
30.Nxg4 Qd5+ 31.Kc1 Qe6 32.Nxe5 Rc8 33.Qd6 Re8 34.Qxe6 Rxe6 35.Nxf7+ Kg8
36.Nd8 Rxe2 37.Nc6 a6 38.a4 g5 39.b5 axb5 40.axb5 g4 41.b6 g3 42.b7 Re8 43.Ne3 Kf7
44.Ng2 Ke6 45.Kd2 Kd6 46.b8=Q+ Rxb8 47.Nxb8 Kd5 48.Kd3 Kc5 49.Ke4 Kd6 50.Na6 Kc6
51.Kd4 Kb6 52.Nc5 Kc6 53.Ne4 Kb6 54.Nc3 Kc6 55.Ne4 Kb6 56.Nd6 Kc6 57.Nc4 Kb5
58.Kd5 Ka6 59.Kc6 Ka7 60.Nd6 Kb8 61.Kb6 Ka8 62.Nc8 Kb8 63.Na7 Ka8 64.Kc6  1/2-1/2

[Event "18th Open"]
[Site "Skopje MKD"]
[Date "2002.01.18"]
[Round "4"]
[White "Georgiev,Ki"]
[Black "Kolev,At"]
[Result "1/2-1/2"]
[WhiteElo "2655"]
[BlackElo "2568"]

1.d4 Nf6 2.c4 e6 3.Nf3 d5 4.g3 dxc4 5.Bg2 Nc6 6.Qa4 Bb4+ 7.Bd2 Nd5 8.Bxb4 Nxb4
9.O-O Rb8 10.Nc3 a6 11.Ne5 O-O 12.Nxc6 Nxc6 13.Bxc6 bxc6 14.Qxc4 Qd6 15.Ne4 Qd5
16.Qc2 Qxd4 17.b3 Rb5 18.Rac1 Rd5 19.Rfd1 Qe5 20.Nc3 Rd6 21.Ne4 Rd5 22.Kg2 h6
23.Nc3 Rd6 24.Qe4 Qf6 25.Qe3 Qf5 26.Ne4 Rd5 27.Rxd5 cxd5 28.Nd2 e5 29.Rxc7 Qh5
30.Nf3 Bh3+ 31.Kg1 Re8 32.Rc5 Qg6 33.Qd2 d4 34.Ne1 Qb1 35.Rc1 Qe4 36.f3 Qd5
37.Nd3 Bf5 38.Rc5 Qd6 39.b4 Bg6 40.a3 e4 41.fxe4 Bxe4 42.Qf4 Qxf4 43.Nxf4 g5
44.Nd3 Bxd3 45.exd3 Re3 46.Ra5 Rxd3 47.Rxa6 Rb3 48.Rxh6 Rxa3 49.Rd6 d3 50.Kf2 Rb3
51.Rd4 Kg7 52.h4 gxh4 53.gxh4 d2 54.Rxd2  1/2-1/2

[Event "18th Open"]
[Site "Skopje MKD"]
[Date "2002.01.19"]
[Round "5"]
[White "Dizdarevic,E"]
[Black "Georgiev,Ki"]
[Result "1/2-1/2"]
[WhiteElo "2502"]
[BlackElo "2655"]

1.c4 e5 2.Nc3 Nf6 3.Nf3 Nc6 4.a3 d5 5.cxd5 Nxd5 6.Qc2 Be7 7.e3 O-O 8.Nxd5 Qxd5
9.Bc4 Qd6 10.b4 a6 11.Bb2 Be6 12.Rc1 Rad8 13.O-O Bd5 14.Bxd5 Qxd5 15.Qc4 f6
16.Rfd1  1/2-1/2

[Event "XI MKD-Cup"]
[Site "Stip MKD"]
[Date "2002.05.09"]
[Round "2"]
[White "Dancevski,O"]
[Black "Georgiev,Ki"]
[Result "0-1"]
[WhiteElo "2426"]
[BlackElo "2654"]

1.d4 Nf6 2.c4 e6 3.Nf3 b6 4.e3 Bb7 5.Bd3 g6 6.Nc3 Bg7 7.e4 d6 8.O-O O-O 9.Re1 Nbd7
10.Be3 c5 11.d5 Ng4 12.Bg5 Bf6 13.Bd2 Nge5 14.Nxe5 Bxe5 15.Qc2 Re8 16.Rad1 a6
17.a4 Qh4 18.g3 Qf6 19.f4 Bd4+ 20.Be3 e5 21.f5 Kh8 22.Kh1 Rg8 23.Bc1 gxf5
24.exf5 Bxc3 25.Qxc3 b5 26.b3 Rg4 27.Be3 Rag8 28.Qc2 Nb6 29.Be4 bxc4 30.bxc4 Bc8
31.Rf1 Bd7 32.a5 Ba4 33.Qd3 Bxd1 34.axb6 Ba4 35.Ra1 Bd7 36.Rxa6 Rb8 37.Ra7 Qd8
38.f6 Rxb6 39.Rxd7 Qxd7 40.Bf5 Rb3 41.Qc2 Qb7 42.Bxg4 Rxe3 43.Qa4 Qb8 44.Qd7 Re4
45.Bf3 Re1+ 46.Kg2 e4 47.Kf2 Ra1 48.Be2 Ra8 49.Qg4 Qf8 50.Qxe4 Qh6 51.Qe7 Qxh2+
52.Kf3 Ra3+  0-1

[Event "XI MKD-Cup"]
[Site "Stip MKD"]
[Date "2002.05.10"]
[Round "3"]
[White "Georgiev,Ki"]
[Black "Bogdanovski,V"]
[Result "1-0"]
[WhiteElo "2654"]
[BlackElo "2483"]

1.e4 d6 2.d4 Nf6 3.Nc3 g6 4.g3 Bg7 5.Bg2 O-O 6.Nge2 e5 7.h3 c6 8.a4 exd4
9.Nxd4 Re8 10.O-O Na6 11.Bg5 h6 12.Bf4 Nb4 13.a5 d5 14.exd5 Nfxd5 15.Nxd5 Nxd5
16.Bc1 a6 17.c3 h5 18.Ra4 Nc7 19.Be3 Nd5 20.Bc1 Nc7 21.Re1 Nb5 22.Be3 Nxd4
23.Bxd4 Be6 24.Qa1 Re7 25.Bb6 Qd7 26.Rae4 Ree8 27.Rd1 Qc8 28.Qa4 Bf5 29.Rxe8+ Qxe8
30.g4 hxg4 31.hxg4 Be6 32.Qb4 Bf8 33.Qf4 Bb3 34.Rd3 Qe1+ 35.Bf1 Re8 36.Bd4 c5
37.Bf6 Bg7 38.g5 Qe6 39.Bxg7 Kxg7 40.Re3 Qc6 41.Bg2 Qd7 42.Qf6+ Kg8 43.Rh3 Re1+
44.Kh2  1-0

[Event "Bosnia GM"]
[Site "Sarajevo BIH"]
[Date "2002.05.28"]
[Round "7"]
[White "Georgiev,Ki"]
[Black "Kurajica,B"]
[Result "0-1"]
[WhiteElo "2654"]
[BlackElo "2555"]

1.e4 c5 2.Nf3 a6 3.c3 d5 4.exd5 Qxd5 5.d4 Nf6 6.Be2 g6 7.Qb3 cxd4 8.Nxd4 Qxg2
9.Bf3 Qh3 10.Bf4 Nbd7 11.Nd2 Bh6 12.Bxh6 Qxh6 13.O-O-O O-O 14.Qb4 Re8 15.Rde1 e5
16.Nb3 a5 17.Qa4 Ra7 18.h4 b5 19.Qxb5 a4 20.Nc5 a3 21.b4 Rc7 22.Re3 Qf4 23.Qa5 e4
24.Ncxe4 Nxe4 25.Bxe4 Nf6 26.Bc2 Rd8 27.Rhe1 Be6 28.R1e2 Nd5 29.Rf3 Qxh4
30.Bb3 Qh1+ 31.Bd1 Nxc3  0-1

[Event "ECC"]
[Site "Halkidiki GRE"]
[Date "2002.09.23"]
[Round "2"]
[White "Georgiev,Ki"]
[Black "Luther,T"]
[Result "1/2-1/2"]
[WhiteElo "2654"]
[BlackElo "2551"]

1.d4 e6 2.c4 Nf6 3.g3 d5 4.Bg2 dxc4 5.Nf3 Nc6 6.Qa4 Bb4+ 7.Bd2 Nd5 8.Bxb4 Nxb4
9.a3 b5 10.Qxb5 Nc2+ 11.Kf1 Bd7 12.Ra2 N6xd4 13.Qc5 Qe7 14.Qxe7+ Kxe7 15.Nxd4 Nxd4
16.Bxa8 Rxa8 17.Nc3 Nb3 18.Kg2 Bc6+ 19.f3 Rd8 20.Rd1 Rxd1 21.Nxd1 Kd6 22.Kf2 Kc5
23.Ke1 f5 24.Nc3 a5 25.a4 e5 26.Kd1 Kd4 27.Ra3 e4 28.f4 e3 29.Ke1 Kc5 30.Nd1 Kd4
31.h3 h5 32.h4 Bg2 33.Nc3 c6 34.Kd1 Be4 35.Ra2 Bg2 36.Ra3  1/2-1/2

[Event "National I"]
[Site "Bischwiller FRA"]
[Date "2003.01.31"]
[Round "1"]
[White "Nijboer,F"]
[Black "Georgiev,Ki"]
[Result "1/2-1/2"]
[WhiteElo "2553"]
[BlackElo "2654"]

1.e4 e5 2.Nf3 Nc6 3.Bb5 Nf6 4.O-O Nxe4 5.d4 Nd6 6.Bxc6 dxc6 7.dxe5 Nf5 8.Qxd8+ Kxd8
9.Nc3 Ke8 10.h3 Be7 11.Bg5 Bxg5 12.Nxg5 h6 13.Nf3 Bd7 14.Rad1 Rd8 15.b3 Bc8
16.Rxd8+ Kxd8 17.Rd1+ Ke8 18.Kh2 h5 19.Ne2 h4 20.Nf4 Ke7 21.Ng5 Rh6 22.b4 Ke8
23.c4 Ne7 24.Rd4 b6 25.c5 b5 26.Rd3 a6 27.Rd4 Nf5 28.Re4 Ke7 29.g4 hxg3+
30.fxg3 Ke8 31.g4 Ne7 32.Kg3 Nd5 33.a3 Ke7 34.h4 Rh8 35.Ne2 Bd7 36.Nd4 a5
37.e6 fxe6 38.Ngxe6 Bxe6 39.Rxe6+ Kf7 40.Rxc6 axb4 41.axb4 Re8 42.h5 Re4
43.Nf5 Rxb4 44.Rg6 Rb3+ 45.Kf2 Rb2+ 46.Ke1 b4 47.Rxg7+ Kf6 48.Rd7 Nc3 49.Nd4 Rg2
50.h6 Rxg4 51.h7 Rg1+ 52.Kf2 Rh1 53.Rxc7 Nd5 54.Rd7 Ne7 55.Rd6+ Ke5 56.Nf3+ Kf5
57.Rd7 Rxh7 58.c6 Kf6 59.c7 Rh8 60.Rd8 Rh5 61.Nd2 Ke6 62.Nb3 Kf6 63.Kg2 Rh4
64.Nd4 b3 65.Rd6+ Kf7 66.Rd7 b2 67.c8=Q b1=Q 68.Rxe7+ Kxe7 69.Qe6+ Kd8 70.Qf6+ Kd7
71.Qxh4 Qg6+ 72.Kf2 Qf7+ 73.Nf3 Qd5 74.Qb4 Qf5 75.Qd4+ Ke6 76.Ke3 Qd5 77.Qb6+ Ke7
78.Nd4 Qe5+ 79.Kd3 Qg3+ 80.Kc4 Qg8+ 81.Kb4 Qd5 82.Kc3 Kf7 83.Qc7+ Kf6 84.Qf4+ Ke7
85.Qh4+ Kf7 86.Qh7+ Kf6 87.Kd3 Qg5 88.Qh8+ Kf7 89.Nf3 Qd5+ 90.Ke3 Qc5+ 91.Kf4 Qc1+
92.Kg3 Qe3 93.Qh5+ Ke7 94.Qh7+ Kd6 95.Qb7 Qc3 96.Qb6+ Ke7 97.Kg4 Qc8+ 98.Kf4 Qc1+
99.Ke5 Qc3+ 100.Nd4 Qg3+ 101.Kd5 Qg7 102.Kc5 Qg5+ 103.Kb4  1/2-1/2

[Event "National I"]
[Site "Besancon FRA"]
[Date "2003.04.05"]
[Round "5"]
[White "Georgiev,Ki"]
[Black "Sharif,Me"]
[Result "1-0"]
[WhiteElo "2647"]
[BlackElo "2473"]

1.d4 e6 2.c4 b6 3.a3 Bb7 4.Nc3 f5 5.d5 Nf6 6.g3 Bd6 7.Bg2 Be5 8.Bd2 O-O 9.Nh3 Na6
10.O-O Nc5 11.Qc2 Nfe4 12.Nxe4 Nxe4 13.Rad1 exd5 14.cxd5 Nxd2 15.Rxd2 Bd6
16.Kh1 a5 17.f4 g6 18.Nf2 Ba6 19.Re1 g5 20.e4 fxe4 21.fxg5 Qxg5 22.Nxe4 Qe5
23.Rdd1 Rae8 24.Qd2 Qg7 25.b4 axb4 26.Nxd6 cxd6 27.Rxe8 Rxe8 28.Qxb4 Be2
29.Re1 b5 30.Qxd6 Qc3 31.Qb4 Qe3 32.Qf4 Qxf4 33.gxf4 Kf7 34.Kg1 Bc4 35.Rxe8 Kxe8
36.Kf2 Ke7 37.Ke3 d6 38.Kd4 Be2 39.Be4 h6 40.Bd3 Bxd3 41.Kxd3 Kf6 42.Kc3  1-0

[Event "4th IECC"]
[Site "Istanbul TUR"]
[Date "2003.06.03"]
[Round "5"]
[White "Georgiev,Ki"]
[Black "Gashimov,V"]
[Result "1/2-1/2"]
[WhiteElo "2647"]
[BlackElo "2579"]

1.Nf3 Nf6 2.c4 b6 3.g3 Bb7 4.d4 e6 5.Bg2 Be7 6.O-O O-O 7.Nc3 Ne4 8.Bd2 f5
9.d5 Bf6 10.Rc1 Na6 11.a3 Nac5 12.b4 Bxc3 13.Bxc3 Nxc3 14.Rxc3 Ne4 15.Rc1 a5
16.Qb3 axb4 17.axb4 Qf6 18.Rfd1 Ra7 19.Nd4 Rfa8 20.Nb5 Ra1 21.Bxe4 fxe4 22.Qe3 Rxc1
23.Rxc1 Qb2 24.dxe6 dxe6 25.Rd1 Ra1 26.Rxa1 Qxa1+ 27.Kg2 Qe5 28.c5 Kf7 29.h4 Ba6
30.Nc3 bxc5 31.bxc5 Bb7 32.Kh2 Kf6 33.Kg1 Bc6 34.Kf1 h6 35.Ke1 Bb7 36.Nd1 Bc6
37.Qc1 Ba4 38.Nc3 Bc6 39.Qe3 Bb7 40.Kd2 Bc6 41.Kc2 Bb7 42.Kc1 Bc6 43.Kd1 Bb7
44.Ke1 Ba8 45.Kf1 Bc6 46.Kg1 Bb7 47.Kh2 Bc6 48.Kh3 Bb7 49.Nb5 Ba6 50.Nc3 Bb7
51.Kg2 Ba8 52.Kg1 Bb7 53.Qc1 Bc6 54.e3 Kf7 55.Qa3 Kg8 56.Qb4 Kh7 57.Qd4 Qf5
58.Qc4 Qe5 59.Kf1 Qf5 60.Ke1 Qe5 61.Qb4 Qf5 62.Qd4 Qf6 63.Qxf6 gxf6 64.Ne2 e5
65.g4 Bd7 66.Nc3 Kg7 67.g5 hxg5 68.hxg5 f5 69.Nd5 c6 70.Nc3 Kg6 71.Kf1 Kxg5
72.Kg2 Kg4 73.Na2 f4 74.Nb4 Kg5 75.Kf1 Kh4 76.Kg2 Kg4 77.Na2 Bc8 78.Nc3 Be6
79.exf4 Kxf4 80.Ne2+ Kf5 81.Nc3 Kg4 82.Nd1 Bb3 83.Ne3+ Kf4 84.Kf1 Kf3 85.Ke1 Ba4
86.Nc4 Kf4 87.Ne3 Bb5 88.Kd2 Kf3 89.Ke1 Ba6 90.Nc2 Bd3 91.Ne3 Bb5 92.Nd1 Ba6
93.Ne3 Bd3 94.Nd1 e3 95.Nxe3 Ke4 96.Kd2 Kd4 97.Nd1 Bg6 98.Nc3 Kxc5 99.Ke3 Kc4
100.Kd2 c5 101.Ne2 Bd3 102.Nc3 Kd4 103.Nd1 c4 104.Nc3 Bg6 105.Nb5+ Ke4 106.Nd6+ Kd5
107.Nb5 Kc5 108.Nc3 Be8 109.Ke3 Kb4 110.Kd2 Bc6 111.Nd1 Bf3 112.Nc3 Kb3 113.Nb1 Kb2  1/2-1/2

[Event "TCh-BIH"]
[Site "Jahorina BIH"]
[Date "2003.06.23"]
[Round "4"]
[White "Lekic,D"]
[Black "Georgiev,Ki"]
[Result "0-1"]
[WhiteElo "2430"]
[BlackElo "2647"]

1.e4 c5 2.Nf3 d6 3.d4 cxd4 4.Nxd4 Nf6 5.Nc3 a6 6.Be2 g6 7.g4 h5 8.g5 Nfd7
9.Be3 b5 10.a4 bxa4 11.Rxa4 Bg7 12.O-O O-O 13.Ra3 Bb7 14.Bxh5 gxh5 15.Qxh5 e6
16.f4 f5 17.Nxe6 Qe7 18.Nxf8 Nxf8 19.Qe2 Bxe4 20.Nxe4 Qxe4 21.c3 Nc6 22.Qf3 Qc4
23.Rd1 Re8 24.Rxd6 Re4 25.Qf1 Qxf1+ 26.Kxf1 Rxe3 27.Rxc6 Rf3+ 28.Kg2 Rxf4
29.Raxa6 Rg4+ 30.Kf3 Nd7 31.Rc8+ Kh7 32.g6+ Kh6 33.b4 Ne5+ 34.Kf2 f4 35.Re6 Rh4
36.Rc7 Rxh2+ 37.Kf1 Ng4 38.Rf7 Rf2+ 39.Kg1 f3  0-1

[Event "TCh-BIH"]
[Site "Jahorina BIH"]
[Date "2003.06.24"]
[Round "5"]
[White "Georgiev,Ki"]
[Black "Perunovic,Mil"]
[Result "1-0"]
[WhiteElo "2647"]
[BlackElo "2479"]

1.d4 Nf6 2.c4 e6 3.Nc3 Bb4 4.Qc2 c5 5.dxc5 O-O 6.a3 Bxc5 7.Nf3 b6 8.Bg5 Bb7
9.e4 h6 10.Bh4 Be7 11.Rd1 Nh5 12.Bxe7 Qxe7 13.Be2 Nf4 14.O-O f5 15.Rfe1 Na6
16.exf5 Rxf5 17.Nd5 Nxe2+ 18.Rxe2 Qf7 19.Ne7+ Qxe7 20.Qxf5 Rf8 21.Qg4 Bxf3
22.gxf3 Nb8 23.b4 a5 24.b5 Qxa3 25.Re3 Qc5 26.Qd4 Qc7 27.Kg2 Rf5 28.Qd6 Qb7
29.h4 Kf7 30.Rd4 a4  1-0

[Event "TCh-BIH"]
[Site "Jahorina BIH"]
[Date "2003.06.24"]
[Round "6"]
[White "Georgiev,Ki"]
[Black "Maksimenko,A"]
[Result "1-0"]
[WhiteElo "2647"]
[BlackElo "2506"]

1.d4 d5 2.c4 c6 3.cxd5 cxd5 4.Nf3 Nc6 5.Nc3 Nf6 6.Bf4 a6 7.Rc1 Bf5 8.e3 e6
9.Qb3 Ra7 10.Ne5 Nxe5 11.Bxe5 Nd7 12.Be2 b5 13.Bg3 Be7 14.O-O O-O 15.a4 b4
16.Nb1 Bxb1 17.Rxb1 Qa5 18.Rfc1 Nf6 19.f3 Nh5 20.Bf2 Qb6 21.Rc2 Bd6 22.Rbc1 Qb8
23.g3 Nf6 24.a5 g5 25.Rc6 g4 26.fxg4 Ne4 27.Be1 Qd8 28.Bd3 Ng5 29.Kg2 Qf6
30.Qc2 Qe7 31.Rxa6 Rxa6 32.Bxa6 Ra8 33.Qe2 e5 34.h4 Ne4 35.g5 exd4 36.exd4 Qa7
37.Bd3 Qxd4 38.Bxe4 dxe4 39.Rc4 Qe5 40.Qxe4 Rxa5 41.Qxe5 Bxe5 42.b3 Ra2+
43.Kf3 Ra1 44.Bxb4 Rb1 45.Kg4 h6 46.Bc3  1-0

[Event "TCh-BIH"]
[Site "Jahorina BIH"]
[Date "2003.06.25"]
[Round "7"]
[White "Fedorov,Alex"]
[Black "Georgiev,Ki"]
[Result "1/2-1/2"]
[WhiteElo "2604"]
[BlackElo "2647"]

1.e4 e5 2.Nf3 Nc6 3.Bc4 Nf6 4.d3 h6 5.O-O d6 6.c3 g6 7.d4 Qe7 8.Re1 Bg7 9.Nbd2 O-O
10.h3 Bd7 11.Nf1 Rae8 12.Ng3 Kh8 13.a4 Qd8 14.a5 exd4 15.cxd4 d5 16.exd5 Rxe1+
17.Qxe1 Ne7 18.Qb4 Bc8 19.a6 Nfxd5 20.Qb3 bxa6 21.Bxa6 Be6 22.Bc4 Nc6 23.Ne4 Qb8
24.Nc5 Qxb3 25.Bxb3 Nxd4 26.Nxd4 Bxd4 27.Bxd5 Bxd5 28.Bxh6 Bxc5 29.Ra5 Bb6
30.Rxd5 Re8 31.Kf1 Kh7 32.Bd2 Re6 33.Bc3 f5 34.Rd7+ Kg8 35.g4 fxg4 36.hxg4 Kf8
37.g5 Re7 38.Rd3 Ke8 39.Rh3 Re4 40.Rh7 Rf4 41.Rg7 Bxf2 42.Ke2 Bd4 43.Rxg6 Bxc3
44.bxc3 a5 45.Ra6 a4 46.g6 Kf8 47.Kd3 Rg4 48.Ra8+ Ke7 49.g7 Rxg7 50.Rxa4  1/2-1/2

[Event "TCh-BIH"]
[Site "Jahorina BIH"]
[Date "2003.06.26"]
[Round "8"]
[White "Georgiev,Ki"]
[Black "Blagojevic,D"]
[Result "1-0"]
[WhiteElo "2647"]
[BlackElo "2548"]

1.d4 d5 2.c4 e6 3.g3 Nf6 4.Bg2 dxc4 5.Nf3 a6 6.O-O Nc6 7.e3 Bd7 8.Nc3 Rb8
9.Qe2 b5 10.Rd1 Be7 11.Ne5 Nb4 12.e4 O-O 13.Bf4 Be8 14.a3 Nc6 15.Nxc6 Bxc6
16.d5 exd5 17.e5 Nd7 18.Bxd5 Bxd5 19.Nxd5 Nc5 20.Nf6+ Bxf6 21.Rxd8 Bxd8 22.Bd2 Nd3
23.b3 Be7 24.bxc4 bxc4 25.Qe4 Bc5 26.Qxc4 Bxf2+ 27.Kf1 Rbd8 28.Bc3 Bb6 29.Qxa6 Rfe8
30.Rd1 Nc5 31.Rxd8 Rxd8 32.Qb5 Ne6 33.a4 g6 34.a5 Bc5 35.Ke1 Bg1 36.h3 Ng5
37.Kf1 Be3 38.Ke2 Bg1 39.Qb7 Ne6 40.a6 h5 41.Bb4 Re8 42.Kf1 Bd4 43.Qb5 Ra8
44.Be7 Bxe5 45.Qb7 Re8 46.a7 Rxe7 47.a8=Q+ Nf8 48.Qb4 Bd6 49.Qd4 Re5 50.Qaa1 Nd7
51.g4 hxg4 52.hxg4 Kg7 53.Qac3 Kg8 54.Qc6 Nf8 55.Qa8 Kg7 56.Qe8 f6 57.Qa8 Ne6
58.Qc4 f5 59.Qc8 Nf8 60.Q8xc7+ Bxc7 61.Qxc7+ Kf6 62.g5+ Ke6 63.Qc6+ Ke7 64.Qf6+  1-0

[Event "TCh-BIH"]
[Site "Jahorina BIH"]
[Date "2003.06.27"]
[Round "9"]
[White "Markus,R"]
[Black "Georgiev,Ki"]
[Result "0-1"]
[WhiteElo "2472"]
[BlackElo "2647"]

1.d4 Nf6 2.c4 e6 3.Nf3 d5 4.Nc3 dxc4 5.e3 a6 6.a4 c5 7.Bxc4 Nc6 8.O-O Be7
9.Qe2 O-O 10.Rd1 Qc7 11.b3 b6 12.Bb2 Bb7 13.d5 exd5 14.Nxd5 Nxd5 15.Bxd5 Rad8
16.e4 Na5 17.Qc2 Bxd5 18.Rxd5 c4 19.Rc1 Rc8 20.Qc3 f6 21.Nd2 Bd6 22.b4 Nb7
23.Qxc4 Bxh2+ 24.Kf1 Qxc4+ 25.Nxc4 Bf4 26.Rc3 Rc6 27.Rd7 Nd6 28.Nxd6 Rxd6
29.Rxd6 Bxd6 30.b5 axb5 31.Rc6 Rd8 32.axb5 Bc5 33.Bc3 Ra8 34.e5 Ra3 35.e6 Kf8
36.Bd2 Ke7 37.Rc7+ Kxe6 38.Rxg7 h5 39.Rh7 Rd3 40.Ke2 Rd5 41.Rc7 Re5+ 42.Kf1 Kd5
43.Bc3 Rf5 44.f3 Kc4 45.Bb2 Kxb5 46.Ke2 Kc4 47.Rc6 Rg5 48.Kf1 h4 49.Rxf6 h3
50.g4 Rd5 51.Rh6 Rd2 52.Bf6 Rf2+ 53.Ke1 Rxf3 54.Ke2 Rf2+ 55.Ke1 Rf3 56.Ke2 Rf2+
57.Ke1 Rh2 58.Be5 Be3 59.Rh7 Rg2 60.Kf1 Kd3  0-1

[Event "1st League TCh-SCG"]
[Site "Budva SCG"]
[Date "2003.09.07"]
[Round "9"]
[White "Georgiev,Ki"]
[Black "Neverov,V"]
[Result "1/2-1/2"]
[WhiteElo "2637"]
[BlackElo "2566"]

1.Nf3 Nf6 2.c4 g6 3.Nc3 d5 4.Qa4+ Bd7 5.Qb3 dxc4 6.Qxc4 Bg7 7.Ne5 Be6 8.Qb5+ Nbd7
9.Nxd7 Qxd7 10.Qxb7 O-O 11.e3 Nd5 12.Bb5 Qd6 13.Qc6 Rab8 14.Qxd6 exd6 15.Ba4 Nb4
16.O-O c5 17.b3 d5 18.Ba3 d4 19.exd4 Bxd4 20.Rac1 Rfd8 21.Bxb4 cxb4 22.Ne2 Bf5
23.Rfd1 Bb2 24.Rc7 Bd3 25.Nc1 Bf5 26.h3 Rbc8 27.Rxc8 Rxc8 28.Ne2 Rc2 29.Bb5 Bf6
30.Ng3 Rxa2 31.Nxf5 gxf5 32.d4 Kf8 33.d5 f4 34.Rd3 Bc3 35.d6 Rd2 36.Rxd2 Bxd2  1/2-1/2

[Event "20th Open"]
[Site "Cappelle la Grande FRA"]
[Date "2004.03.01"]
[Round "3"]
[White "Pham Minh Hoang"]
[Black "Georgiev,Ki"]
[Result "1/2-1/2"]
[WhiteElo "2436"]
[BlackElo "2637"]

1.d4 Nf6 2.c4 e6 3.Nc3 Bb4 4.e3 O-O 5.Bd3 d5 6.Ne2 dxc4 7.Bxc4 c5 8.O-O Nc6
9.a3 Bxc3 10.bxc3 Qc7 11.f4 b6 12.Bd3 Bb7 13.e4 cxd4 14.e5 Nd5 15.cxd4 Rad8
16.Qc2 h6 17.Bd2 f5 18.exf6 Rxf6 19.Rac1 Qd6 20.Qa4 a6 21.Bb1 Nde7 22.Bc3 Qd5
23.Rf2 Nf5 24.Qc2 Nce7 25.Ba2 Qd6 26.d5 Rg6 27.Bb4 Qb8 28.Bxe7 Nxe7 29.dxe6 Qd6
30.Qxg6 Nxg6 31.e7+ Kh8 32.exd8=Q+ Qxd8 33.f5 Ne5 34.Nf4 Ng4 35.Ng6+ Kh7
36.Rd2 Qb8 37.Rc7 Qxc7 38.Nf8+ Kh8 39.Ng6+ Kh7 40.Nf8+ Kh8 41.Bb3 Nf6 42.Bg8 Kxg8
43.Rd5 Nxd5 44.a4 Ne7  1/2-1/2

[Event "Dos Hermanas Internet Final"]
[Site "ICC INT"]
[Date "2004.03.13"]
[Round "2.2"]
[White "Georgiev,Ki"]
[Black "Alonso,S"]
[Result "1-0"]
[WhiteElo "2637"]
[BlackElo "2484"]

1.Nf3 Nf6 2.c4 g6 3.Nc3 Bg7 4.g3 O-O 5.Bg2 d6 6.O-O Nc6 7.Rb1 e5 8.d3 Nh5
9.b4 f5 10.b5 Ne7 11.Qb3 Kh8 12.Bg5 h6 13.Bxe7 Qxe7 14.Rfc1 g5 15.a4 f4 16.a5 Qf7
17.b6 axb6 18.axb6 g4 19.Nd2 fxg3 20.fxg3 Qf2+ 21.Kh1 Nxg3+ 22.hxg3 Qxg3
23.Rf1 Qh4+ 24.Kg1 Rf4 25.Nce4 c6 26.e3 g3 27.Nf3 Rxf3 28.Rxf3 Qh2+ 29.Kf1 Bg4
30.Rxg3 Rf8+ 31.Ke1 Bf5 32.Rf3 Qxg2 33.Rf2 Qh3 34.Kd2 Ra8 35.Nxd6 Bh7 36.c5 Bg8
37.Nf7+ Kh7 38.Qc4 Bxf7 39.Qxf7 Rf8 40.Qxf8 Bxf8 41.Rxf8 e4 42.Rbf1 Qe6 43.R1f7+ Kg6
44.Rf6+ Qxf6 45.Rxf6+ Kxf6 46.d4 Kf5 47.d5  1-0

[Event "Karadjordje-Serbia"]
[Site "Topola SCG"]
[Date "2004.05.04"]
[Round "1"]
[White "Jeremic,V"]
[Black "Georgiev,Ki"]
[Result "1/2-1/2"]
[WhiteElo "2490"]
[BlackElo "2637"]

1.d4 Nf6 2.c4 e6 3.Nf3 d5 4.Bg5 h6 5.Bh4 Be7 6.Nc3 O-O 7.cxd5 Nxd5 8.Bxe7 Qxe7
9.Qb3 Rd8 10.Rc1 Nf6 11.e3 b6 12.Nb5 c6 13.Qa3 Qxa3 14.Nxa3 Bb7 15.Be2 Nbd7
16.O-O c5 17.Rfd1 Kf8 18.Nb5 Ke7 19.dxc5 bxc5 20.Kf1 Bd5 21.Nc3 Bc6 22.Nd2 Rab8
23.Nb3 Rdc8 24.Rd2 Bd5 25.Nxd5+ exd5 26.Rdc2 Rc6 27.Bf3 Rbc8 28.Nd4 Ra6 29.b3 g6
30.Nb5 Rb6 31.Nc3 Rd6 32.Na4 Rdc6 33.Nc3 Rd6 34.Na4 Rdc6 35.Nc3  1/2-1/2

[Event "Karadjordje-Serbia"]
[Site "Topola SCG"]
[Date "2004.05.05"]
[Round "2"]
[White "Georgiev,Ki"]
[Black "Todorovic,GM"]
[Result "1-0"]
[WhiteElo "2637"]
[BlackElo "2548"]

1.c4 e6 2.Nc3 d5 3.d4 c5 4.cxd5 exd5 5.Nf3 Nc6 6.g3 Nf6 7.Bg2 Be7 8.O-O O-O
9.dxc5 d4 10.Na4 Bf5 11.Bf4 Be4 12.Rc1 Qd7 13.a3 Rad8 14.b4 Nd5 15.Bd2 Qe6
16.Qe1 Bf6 17.b5 Rfe8 18.bxc6 Qxc6 19.Nb2 d3 20.Nc4 Qxc5 21.e3 b5 22.Na5 Qxa3
23.Nc6 Rc8 24.Nfd4 Bxg2 25.Kxg2 a6 26.Qd1 Bxd4 27.Nxd4 Rc4 28.Qb3 Qxb3 29.Nxb3 Nb6
30.Ba5 Rxc1 31.Rxc1 Nc4 32.Bb4 Ra8 33.Na5 Rc8 34.Rc3 f6 35.Rxd3 Ne5 36.Rd6 Rc2
37.Rd2 Rc1 38.e4 Rb1 39.f4 Ng4 40.h3  1-0

[Event "Karadjordje-Serbia"]
[Site "Topola SCG"]
[Date "2004.05.08"]
[Round "5"]
[White "Pikula,D"]
[Black "Georgiev,Ki"]
[Result "1/2-1/2"]
[WhiteElo "2523"]
[BlackElo "2637"]

1.e4 c5 2.Nf3 d6 3.d4 cxd4 4.Nxd4 Nf6 5.Nc3 e6 6.g4 h6 7.h4 Nc6 8.Rg1 h5
9.gxh5 Nxh5 10.Bg5 Nf6 11.Be2 a6 12.Qd2 Qb6 13.Nb3 Bd7 14.Rg3 Qc7 15.O-O-O O-O-O
16.f4 Be7  1/2-1/2

[Event "Karadjordje-Serbia"]
[Site "Topola SCG"]
[Date "2004.05.11"]
[Round "8"]
[White "Georgiev,Ki"]
[Black "Sedlak,N"]
[Result "1-0"]
[WhiteElo "2637"]
[BlackElo "2519"]

1.e4 c5 2.Nf3 d6 3.d4 cxd4 4.Nxd4 Nf6 5.Nc3 Bd7 6.f3 Qb6 7.g4 h6 8.h4 e6
9.Nb3 a6 10.Qe2 Qc7 11.Rg1 g6 12.Be3 b5 13.a3 Nc6 14.O-O-O Be7 15.g5 hxg5
16.hxg5 Nh5 17.f4 b4 18.axb4 Nxb4 19.f5 exf5 20.Rd4 f4 21.Rxb4 fxe3 22.Nd5 Qa7
23.Nd4 Ng7 24.Qxe3 Ne6 25.Bh3 Bd8 26.Bxe6 Bxe6 27.Qf4 Qc5 28.Nf6+ Bxf6 29.Qxf6 Qe5
30.Nxe6 Qxf6 31.gxf6 fxe6 32.Rb7 O-O-O 33.Ra7 Kb8 34.Re7 Rh2 35.f7 Rc8 36.Kb1  1-0